[Event "12th Asia-ch"]
[Site "Sharjah UAE"]
[Date "2014.04.17"]
[Round "1.2"]
[White "Kasimdzhanov, Rustam"]
[Black "Shyam Sundar, M."]
[Result "1-0"]
[WhiteElo "2693"]
[BlackElo "2481"]
[EventDate "2014.04.17"]
[PlyCount "154"]

1.c4 g6 2.d4 Bg7 3.Nc3 d6 4.Nf3 Nf6 5.e4 O-O 6.Be2 e5 7.O-O Nc6 8.d5 Ne7 
9.Bg5 Nh5 10.Ne1 Nf4 11.Nd3 Nxe2+ 12.Qxe2 h6 13.Be3 f5 14.f3 f4 15.Bf2 b6 
16.b4 a5 17.a3 g5 18.c5 bxc5 19.bxc5 Ng6 20.Nb5 Rf7 21.Rfc1 Bf8 22.Rc3 g4 
23.fxg4 Qg5 24.Ne1 Bxg4 25.Nf3 Qh5 26.h3 Bc8 27.cxd6 Bxd6 28.Qc2 Bd7 29.
Nxc7 Bxc7 30.Rxc7 Kh7 31.Rxd7 Rxd7 32.Qc6 Rad8 33.Bb6 Nh4 34.Nxh4 Qxh4 35.
Bxd8 Qxd8 36.Qe6 Qc7 37.Qf5+ Kg7 38.Qg4+ Kh7 39.Qf5+ Kg7 40.Rd1 Rf7 41.
Qg4+ Kh7 42.d6 Qa7+ 43.Kh2 Qd7 44.Qxd7 Rxd7 45.g3 fxg3+ 46.Kxg3 a4 47.Kh4 
Kg6 48.Rd2 h5 49.Rd1 Kh6 50.Rd2 Kg6 51.Rd5 Kh6 52.Rxe5 Rxd6 53.Rxh5+ Kg6 
54.Rd5 Rc6 55.Rd4 Ra6 56.Kg4 Kf6 57.Kf4 Ke6 58.h4 Ra8 59.h5 Rf8+ 60.Ke3 
Rh8 61.Rxa4 Rxh5 62.Ra6+ Kd7 63.Kd4 Rh1 64.Kd5 Rd1+ 65.Ke5 Rh1 66.a4 Rh5+ 
67.Kd4 Rh1 68.Kd5 Rd1+ 69.Ke5 Rh1 70.Rd6+ Ke7 71.Rd5 Rh5+ 72.Kd4 Rh1 73.
Kc5 Ke6 74.Rd4 Ra1 75.Kb5 Ke5 76.Rb4 Kd6 77.Rc4 Rb1+ 1-0

[Event "12th Asia-ch"]
[Site "Sharjah UAE"]
[Date "2014.04.17"]
[Round "1.17"]
[White "Chu Wei Chao"]
[Black "Salem, A. R. Saleh"]
[Result "0-1"]
[WhiteElo "2315"]
[BlackElo "2561"]
[EventDate "2014.04.17"]
[PlyCount "154"]

1.d4 Nf6 2.c4 g6 3.Nc3 d5 4.cxd5 Nxd5 5.e4 Nxc3 6.bxc3 Bg7 7.Bc4 c5 8.Ne2 
Nc6 9.Be3 O-O 10.O-O Na5 11.Bd3 b6 12.dxc5 bxc5 13.Bxc5 Qc7 14.Bd4 e5 15.
Be3 Rd8 16.Qc2 Nc4 17.Bxc4 Qxc4 18.Rfd1 Bd7 19.Qd3 Qxd3 20.Rxd3 Bb5 21.
Rxd8+ Rxd8 22.Kf1 Rc8 23.Bxa7 Rxc3 24.Rb1 Ba6 25.Rb8+ Bf8 26.Ke1 Rc4 27.
Be3 Kg7 28.Rb6 Bc8 29.Ng3 Be6 30.Ke2 h5 31.Kd3 Ra4 32.Rb2 Bxa2 33.Ne2 Bc4+
34.Kd2 Bb4+ 35.Nc3 Bf1 36.g3 Ba5 37.Kc2 Rc4 38.Bd2 Rc6 39.Rb1 Bc4 40.Ra1 
Bb6 41.Be3 Bxe3 42.fxe3 Rf6 43.Rd1 Rf3 44.Nd5 h4 45.Kc3 Ba6 46.gxh4 Rh3 
47.Ra1 Bc8 48.Ra5 Bg4 49.Kd3 Rxh4 50.Nc7 Kf6 51.Ne8+ Ke7 52.Nc7 Rxh2 53.
Nd5+ Kf8 54.Nf6 Be6 55.Rxe5 Ke7 56.Nd5+ Kd6 57.Rg5 Rh5 58.Rxh5 gxh5 59.Nf4
h4 60.Ke2 Bg4+ 61.Kf2 Ke5 62.Ng2 h3 63.Ne1 Kxe4 64.Nc2 Bf3 65.Kg3 Bg2 66.
Kf2 Kd3 67.Nd4 Be4 68.Kg3 Kxe3 69.Nb5 Bg2 70.Nd6 f6 71.Ne8 f5 72.Nd6 f4+ 
73.Kh2 Bf1 74.Nf5+ Kf2 75.Nh6 Ke1 76.Ng4 Ke2 77.Kg1 Bg2 0-1

[Event "12th Asia-ch"]
[Site "Sharjah UAE"]
[Date "2014.04.19"]
[Round "3.2"]
[White "Adhiban, Baskaran"]
[Black "Gopal, Geetha Narayanan"]
[Result "1-0"]
[WhiteElo "2609"]
[BlackElo "2553"]
[EventDate "2014.04.17"]
[PlyCount "155"]

1.e4 c5 2.Nc3 e6 3.Nf3 Nc6 4.d4 cxd4 5.Nxd4 Qc7 6.Be3 a6 7.Be2 Nf6 8.O-O 
Be7 9.f4 d6 10.Kh1 O-O 11.Qe1 Nxd4 12.Bxd4 b5 13.Qg3 Bb7 14.a3 Rad8 15.Bd3
Rd7 16.Rae1 Re8 17.Re2 Qd8 18.Qh3 Bf8 19.a4 e5 20.Bf2 bxa4 21.Bh4 Be7 22.
Nxa4 exf4 23.Qf5 Nxe4 24.Nb6 Rc7 25.Rxe4 g6 26.Bxe7 Rcxe7 27.Rxe7 Bxg2+ 
28.Kxg2 gxf5 29.Rxe8+ Qxe8 30.Nd5 Qe5 31.Nc3 a5 32.Rf3 Kf8 33.h3 h6 34.Kf1
Kg7 35.Be2 Qc5 36.Rxf4 Qe3 37.Rf3 Qc1+ 38.Nd1 Qxc2 39.b3 f4 40.Nf2 Kf8 41.
Rd3 d5 42.Bf3 d4 43.Bd1 Qb2 44.Ke1 Kg7 45.Rf3 Qc1 46.Nd3 Qc3+ 47.Ke2 Qc6 
48.Nxf4 Qb5+ 49.Kf2 Qc5 50.Kf1 Qc6 51.Nd3 Qd6 52.Be2 Qc7 53.Nf4 Qc6 54.Nd3
a4 55.bxa4 Qxa4 56.Rf4 Qa8 57.Kf2 Qd5 58.Rf3 Qd6 59.Nf4 Qc5 60.Bd3 Qc7 61.
Nh5+ Kh8 62.Ng3 Qe5 63.Kg2 Qg5 64.Kf2 Qe5 65.Kf1 Qc7 66.Ne2 Qd7 67.Kg2 Qd5
68.Kf2 Qe5 69.Ng3 Qc7 70.h4 Qe5 71.Kg2 Qe1 72.Nf5 Qd2+ 73.Kh3 Qc1 74.Ng3 
Kg7 75.Rf4 Kf8 76.Rxd4 Ke7 77.Bc4 Kf6 78.Re4 1-0

[Event "12th Asia-ch"]
[Site "Sharjah UAE"]
[Date "2014.04.22"]
[Round "6.16"]
[White "Shyam Sundar, M."]
[Black "Sengupta, Deep"]
[Result "0-1"]
[WhiteElo "2481"]
[BlackElo "2531"]
[EventDate "2014.04.17"]
[PlyCount "154"]

1.d4 e6 2.c4 Nf6 3.Nf3 d5 4.Bg5 c6 5.Nbd2 h6 6.Bxf6 Qxf6 7.e3 Nd7 8.Bd3 g6
9.O-O Bg7 10.e4 dxe4 11.Nxe4 Qe7 12.c5 O-O 13.Re1 Rd8 14.Qa4 Nf6 15.Nd6 
Ne8 16.Nxe8 Rxe8 17.Ne5 Bd7 18.Qb3 Reb8 19.Rac1 b6 20.Qc2 Be8 21.b3 Rd8 
22.Qc4 Rd5 23.cxb6 axb6 24.Nxc6 Bxc6 25.Qxc6 Rad8 26.Be4 R5d6 27.Qb7 Qxb7 
28.Bxb7 Rxd4 29.Bf3 Rd2 30.Red1 Bf8 31.Kf1 Ba3 32.Rb1 R8d6 33.b4 R6d4 34.
b5 Bc5 35.Rxd2 Rxd2 36.Be2 Rxa2 37.g3 g5 38.g4 Kg7 39.Rb3 f5 40.gxf5 exf5 
41.Rf3 f4 42.h4 Kf6 43.hxg5+ hxg5 44.Rd3 Rb2 45.f3 Ke5 46.Ke1 Bd4 47.Ra3 
Rb1+ 48.Kd2 Be3+ 49.Kc2 Rc1+ 50.Kd3 Rc5 51.Rb3 Rd5+ 52.Kc3 Rd7 53.Bd3 g4 
54.fxg4 f3 55.Rb4 Bd4+ 56.Kc2 Kf4 57.Bf5 Rd8 58.Rb1 Bc5 59.Rd1 Re8 60.Rd7 
Re2+ 61.Kd3 Re1 62.Rf7 f2 63.Kd2 Be3+ 64.Kc3 Kg3 65.Bd3 Bf4 66.Kc2 Rc1+ 
67.Kb3 f1=Q 68.Bxf1 Rxf1 69.Rf6 Rf3+ 70.Kc4 Be3 71.Rg6 Rf4+ 72.Kd3 Bc5 73.
g5 Kg4 74.Rg8 Rb4 75.g6 Kg5 76.Kc3 Rxb5 77.Kc4 Rb1 0-1

[Event "12th Asia-ch"]
[Site "Sharjah UAE"]
[Date "2014.04.22"]
[Round "6.31"]
[White "Khayat, Abdullah"]
[Black "Shehab, Ibrahim"]
[Result "0-1"]
[WhiteElo "1716"]
[BlackElo "2082"]
[EventDate "2014.04.17"]
[PlyCount "155"]

1.e4 c5 2.Nf3 e6 3.c3 a6 4.g3 Nc6 5.Bg2 d6 6.d3 Nf6 7.O-O Be7 8.Be3 Qc7 9.
Re1 Ng4 10.Nbd2 Nxe3 11.Rxe3 Bd7 12.Qc2 g5 13.d4 g4 14.d5 gxf3 15.dxc6 
Bxc6 16.Bxf3 O-O-O 17.a3 Rdg8 18.b4 Qd7 19.Nc4 Bd8 20.Rd3 Ba4 21.Qb2 Bc7 
22.bxc5 Qc6 23.e5 d5 24.Nd6+ Bxd6 25.cxd6 Kb8 26.c4 Qxc4 27.Rc3 Qb5 28.Qd2
Rc8 29.Be2 Qb6 30.Rac1 Rc6 31.Qf4 Rxc3 32.Rxc3 Qb2 33.Re3 Qb1+ 34.Kg2 Bc6 
35.Bf3 Qg6 36.Qd4 h5 37.h4 Qb1 38.Rc3 Qe1 39.Re3 Qa5 40.Qf4 Qc5 41.Qxf7 d4
42.Bxc6 Qxc6+ 43.Rf3 d3 44.Qf4 Qd5 45.Qd2 Qxe5 46.Rxd3 Rd8 47.Qb4 Rd7 48.
Qd2 Qe4+ 49.Kh2 Qf5 50.Rd4 Qc5 51.Rd3 Ka8 52.Qf4 e5 53.Qf6 e4 54.Rd2 e3 
55.fxe3 Qxa3 56.Qe6 Qc3 57.Rf2 Qg7 58.e4 Rd8 59.e5 Rg8 60.Rf3 Qh7 61.Qc4 
Kb8 62.Rf7 Qb1 63.Rf2 Qg6 64.Rf3 Rc8 65.Qf4 Qe6 66.Rf2 Rc5 67.Re2 Rd5 68.
Qf8+ Ka7 69.Qe7 Qg4 70.Rf2 Qd4 71.Qf6 Rxe5 72.d7 Rd5 73.Qxd4+ Rxd4 74.Rf5 
b5 75.Rxh5 Kb6 76.Rg5 b4 77.h5 b3 78.Rf5 0-1

[Event "12th Asia-ch"]
[Site "Sharjah UAE"]
[Date "2014.04.23"]
[Round "7.12"]
[White "Gopal, Geetha Narayanan"]
[Black "Djao Thien Hai"]
[Result "1/2-1/2"]
[WhiteElo "2553"]
[BlackElo "2490"]
[EventDate "2014.04.17"]
[PlyCount "155"]

1.e4 e5 2.Nf3 Nf6 3.Nxe5 d6 4.Nf3 Nxe4 5.d4 d5 6.Bd3 Be7 7.O-O Nc6 8.Nc3 
Bf5 9.Re1 Nxc3 10.bxc3 Bxd3 11.Qxd3 O-O 12.Rb1 Na5 13.Bf4 c6 14.c4 dxc4 
15.Qf5 b6 16.Bd2 Bf6 17.Bxa5 bxa5 18.Qc5 Qd5 19.Qxd5 cxd5 20.Rb5 Rfd8 21.
c3 Rab8 22.Reb1 Rxb5 23.Rxb5 Kf8 24.Rb7 a6 25.Rb6 Ke7 26.Rxa6 Rb8 27.g4 h6
28.Rxa5 Rb1+ 29.Kg2 Rc1 30.Rxd5 Rxc3 31.Rc5 Rc2 32.a4 Kd6 33.a5 c3 34.a6 
Ra2 35.Rxc3 Rxa6 36.Rc4 g5 37.Rb4 Ke6 38.h3 Rd6 39.Kf1 Kd5 40.Ke2 Ra6 41.
Rb5+ Ke4 42.Rf5 Rb6 43.d5 Bc3 44.Rxf7 Kxd5 45.h4 gxh4 46.Nxh4 Bf6 47.Ng2 
Rb2+ 48.Kf3 Rb3+ 49.Ne3+ Ke6 50.Rc7 Bg5 51.Ke4 Rb4+ 52.Kf3 Rb3 53.Rc6+ Ke5
54.Rc5+ Kd6 55.Ra5 Ke6 56.Rc5 Kd6 57.Rc4 Ke5 58.Re4+ Kf6 59.Kg3 Kg6 60.f4 
Bf6 61.Kf3 h5 62.g5 Bxg5 63.fxg5 Kxg5 64.Re5+ Kg6 65.Kg3 Ra3 66.Kf4 Ra4+ 
67.Kf3 Ra3 68.Re6+ Kg5 69.Re8 h4 70.Rg8+ Kf6 71.Rh8 Kg5 72.Rg8+ Kf6 73.Rg4
h3 74.Rh4 Ke5 75.Rxh3 Rb3 76.Rh7 Ra3 77.Rb7 Ke6 78.Ke4 1/2-1/2

[Event "12th Asia-ch"]
[Site "Sharjah UAE"]
[Date "2014.04.24"]
[Round "8.1"]
[White "Yu Yangyi"]
[Black "Bu Xiangzhi"]
[Result "1-0"]
[WhiteElo "2667"]
[BlackElo "2699"]
[EventDate "2014.04.17"]
[PlyCount "103"]

1.e4 c5 2.Nf3 Nc6 3.d4 cxd4 4.Nxd4 g6 5.Nc3 Bg7 6.Be3 Nf6 7.Bc4 O-O 8.Bb3 
d6 9.f3 Bd7 10.Qd2 Nxd4 11.Bxd4 b5 12.h4 a5 13.h5 a4 14.Bd5 b4 15.Bxf6 
exf6 16.Ne2 f5 17.hxg6 hxg6 18.exf5 Bxf5 19.Bxa8 Qxa8 20.Rd1 Rc8 21.Qxb4 
Rxc2 22.Rd2 Rxd2 23.Qxd2 Be6 24.a3 Bc4 25.Qxd6 Qe8 26.Qd2 Bf6 27.Kf2 Qe5 
28.Rc1 Bb3 29.Rc3 Kg7 30.Qe3 Qb8 31.g3 Bxc3 32.Nxc3 Qc7 33.Qd4+ f6 34.Ne4 
Qc2+ 35.Qd2 Qc7 36.Qc3 Qa7+ 37.Qc5 Qd7 38.Qd6 Qa7+ 39.Nc5 Bf7 40.Kg2 Qa5 
41.Ne4 f5 42.Qd4+ Kg8 43.Nf6+ Kf8 44.Qd6+ Kg7 45.Nd7 Kh7 46.Kf2 Qb5 47.Qd4
Qc6 48.Nf6+ Kh6 49.g4 Qc7 50.Kg2 Qe7 51.Kh3 Qe2 52.g5+ 1-0

[Event "12th Asia-ch"]
[Site "Sharjah UAE"]
[Date "2014.04.24"]
[Round "8.24"]
[White "Igonin, Temur"]
[Black "Noaman, Omar"]
[Result "0-1"]
[WhiteElo "2194"]
[BlackElo "2361"]
[EventDate "2014.04.17"]
[PlyCount "156"]

1.e4 e5 2.Nf3 Nc6 3.Bc4 Nf6 4.d3 Bc5 5.O-O O-O 6.Nbd2 d5 7.exd5 Nxd5 8.Re1
Nf6 9.h3 Bd6 10.a3 a6 11.Ba2 b5 12.Ne4 Nxe4 13.Rxe4 Bf5 14.Re1 Qd7 15.Bd2 
Rae8 16.Bd5 Ne7 17.Bb3 Ng6 18.Ng5 Be7 19.Qh5 Bxg5 20.Qxg5 Be6 21.Bxe6 Rxe6
22.h4 f6 23.Qg3 Rfe8 24.h5 Ne7 25.Qh3 c5 26.Be3 Nd5 27.Bxc5 Nf4 28.Qf3 Qf7
29.Be3 Nxh5 30.g4 Nf4 31.Bxf4 exf4 32.Kf1 g5 33.Qh3 Qe7 34.Rxe6 Qxe6 35.
Kg2 h5 36.gxh5 Qxh3+ 37.Kxh3 Re2 38.Kg4 Rxf2 39.Kf5 Kg7 40.h6+ Kxh6 41.
Kxf6 Kh5 42.Rg1 Rxc2 43.Rxg5+ Kh4 44.Rf5 Kg3 45.d4 f3 46.d5 Rxb2 47.d6 Rd2
48.Ke7 f2 49.d7 a5 50.Rf6 b4 51.axb4 axb4 52.Rg6+ Kf3 53.Rf6+ Ke2 54.Re6+ 
Kd1 55.Rf6 Ke1 56.Re6+ Re2 57.d8=Q f1=Q 58.Qd4 Rxe6+ 59.Kxe6 Qh3+ 60.Kd5 
Qc3 61.Ke5 Kf1 62.Kd5 Ke2 63.Ke5 Qd2 64.Qc4+ Kd1 65.Ke4 Qc3 66.Qd5+ Kc1 
67.Qg5+ Kb2 68.Qd5 b3 69.Qb5 Kb1 70.Qf1+ Qc1 71.Qb5 b2 72.Kf3 Qd2 73.Qc4 
Qd1+ 74.Kg3 Qd6+ 75.Kf3 Qa3+ 76.Kf2 Ka1 77.Qd4 Qa5 78.Ke2 Qe1+ 0-1

[Event "12th Asia-ch"]
[Site "Sharjah UAE"]
[Date "2014.04.25"]
[Round "9.15"]
[White "Batchuluun, Cegmed"]
[Black "Pourramezanali, Amirreza"]
[Result "1/2-1/2"]
[WhiteElo "2521"]
[BlackElo "2435"]
[EventDate "2014.04.17"]
[PlyCount "153"]

1.d4 d5 2.c4 c6 3.Nf3 Nf6 4.Nc3 e6 5.Bg5 dxc4 6.e4 b5 7.e5 h6 8.Bh4 g5 9.
Nxg5 hxg5 10.Bxg5 Nbd7 11.exf6 Bb7 12.g3 c5 13.d5 Nxf6 14.Bg2 Bh6 15.Bxf6 
Qxf6 16.Ne4 Qe5 17.dxe6 Rd8 18.exf7+ Ke7 19.Qe2 Rd4 20.O-O Bxe4 21.Rae1 
Bd2 22.Qxe4 Qxe4 23.Rxe4+ Kxf7 24.Re5 Rc8 25.f4 b4 26.Bh3 Rc6 27.Rf2 c3 
28.bxc3 bxc3 29.Bf5 c4 30.Bc2 Re6 31.Rfe2 Rxe5 32.Rxe5 Rd7 33.Re4 Rb7 34.
Rxc4 Rb2 35.Bb3 Kf6 36.Rc6+ Kf5 37.Kf2 Bxf4+ 38.Kf3 Bd2 39.Rc5+ Kf6 40.h4 
Be1 41.Rc6+ Kg7 42.Rc7+ Kh6 43.Bd5 Rf2+ 44.Ke3 Rf8 45.Be4 Kh5 46.Rg7 a5 
47.a4 Bd2+ 48.Kd3 Rd8+ 49.Kc2 Rd4 50.Bf5 Rd6 51.Rh7+ Bh6 52.Kxc3 Rc6+ 53.
Kb2 Rb6+ 54.Ka1 Rf6 55.Bc8 Rf1+ 56.Kb2 Rf2+ 57.Kb1 Rf1+ 58.Kb2 Rf2+ 59.Kb3
Rf3+ 60.Kc4 Rxg3 61.Kb5 Rg7 62.Rh8 Rg6 63.Kxa5 Kxh4 64.Kb5 Kg3 65.a5 Be3 
66.a6 Rb6+ 67.Kc4 Rb1 68.Rf8 Ra1 69.Kd5 Ba7 70.Rf7 Be3 71.Ke4 Bb6 72.Kd5 
Be3 73.Kc6 Rc1+ 74.Kb7 Rb1+ 75.Kc7 Rc1+ 76.Kb8 Ra1 77.Bb7 1/2-1/2